| 000 | 00780nam a2200217Ia 4500 | ||
|---|---|---|---|
| 003 | GCL | ||
| 008 | 140319s9999 xx 000 0 ara d | ||
| 040 |
_aGCL / _cGCL |
||
| 082 | 0 | 4 |
_a652.3 _bن م |
| 100 | 1 | _aنجيب عبده الجبالى | |
| 245 | 1 | 0 |
_aالمرشد فى تعليم الاله الكاتبة العربية : تنسيق الكتابة / _cنجيب عبده الجبالى |
| 700 | 1 | _aاحمد محمد ناصيف | |
| 260 |
_a[S.N] : _bدار الكتاب العربى ، _c1994 |
||
| 300 | _a100 ص | ||
| 490 |
_aالهيئة العامة للاستعلامات _v0 |
||
| 650 | 0 | 4 | _aالكتابة |
| 650 | 0 | 4 | _aالطباعة |
| 650 | 0 | 4 | _aالالات الكاتبة |
| 650 | 0 | 4 | _aالكتابة على الالة الكاتبة |
| 942 |
_2ddc _cBK |
||
| 999 |
_c35695 _d35695 |
||